BIBLIOTECA

SENCICO

Herramientas para la calidad total / (Registro nro. 4273)

Detalles MARC
000 -LEADER
fixed length control field 01984nam a22002897a 4500
003 - CONTROL NUMBER IDENTIFIER
control field PE SENCICO BE
005 - DATE AND TIME OF LATEST TRANSACTION
control field 20251020182641.0
008 - FIXED-LENGTH DATA ELEMENTS--GENERAL INFORMATION
fixed length control field 230809b |||||||| |||| 00| 0 eng d
020 ## - INTERNATIONAL STANDARD BOOK NUMBER
International Standard Book Number 978-958-762-099-3
040 ## - CATALOGING SOURCE
Original cataloging agency PE SENCICO BE
Transcribing agency PE SENCICO BE
041 ## - LANGUAGE CODE
Language code of text/sound track or separate title spa
082 ## - DEWEY DECIMAL CLASSIFICATION NUMBER
Classification number 658.562
Item number V18
100 1# - MAIN ENTRY--PERSONAL NAME
9 (RLIN) 1321
Personal name Valderrey Sanz, Pablo
Relator term autor
245 1# - TITLE STATEMENT
Title Herramientas para la calidad total /
Statement of responsibility, etc. Pablo Valderrey Sanz
250 ## - EDITION STATEMENT
Edition statement 1a ed.
260 ## - PUBLICATION, DISTRIBUTION, ETC.
Place of publication, distribution, etc. Bogotá :
Name of publisher, distributor, etc. ediciones de la U,
Date of publication, distribution, etc. 2013
300 ## - PHYSICAL DESCRIPTION
Extent [8], 294 p. :
Other physical details tabls., diagrs. ;
Dimensions 24 cm.
440 ## - SERIES STATEMENT/ADDED ENTRY--TITLE
9 (RLIN) 1322
Title Administración
505 0# - FORMATTED CONTENTS NOTE
Formatted contents note 1. Definición de control de calidad, notas históricas y herramientas -- 2. Control de procesos y gráficos de control -- 3. Gráficos de control por variables -- 4. Gráficos de control por atributos -- 5. Gráficos de control de suma acumulación y medias móviles. Capacidad de los procesos -- 6. Diseño de experimentos -- 7. Muestreo de aceptación.
520 3# - SUMMARY, ETC.
Summary, etc. En este libro se incide especialmente en las técnicas cuantitativas para la calidad total. - Se comienza con la identificación de los factores que afectan a la calidad y las herramientas adecuadas para ello. - A continuación, se trata en profundidad el control de procesos y su implementación práctica a través de los gráficos de control. - La siguiente tarea es abordar las técnicas de diseño de experimentos y su incidencia fundamental en el establecimiento de un sistema de calidad total. - Finalmente, se incide en otro de los pilares básicos en la calidad total, como es el muestreo de aceptación. Todos estos temas se ilustran con las herramientas cuantitativas adecuadas y su implementación práctica a través del software MINITAB y la hoja de cálculo Microsoft Excel.
650 10 - SUBJECT ADDED ENTRY--TOPICAL TERM
9 (RLIN) 485
Topical term or geographic name entry element Control de calidad
650 20 - SUBJECT ADDED ENTRY--TOPICAL TERM
9 (RLIN) 486
Topical term or geographic name entry element Gestión de calidad
650 20 - SUBJECT ADDED ENTRY--TOPICAL TERM
9 (RLIN) 731
Topical term or geographic name entry element Planificación estratégica
650 20 - SUBJECT ADDED ENTRY--TOPICAL TERM
9 (RLIN) 1323
Topical term or geographic name entry element Calidad total
910 ## - USER-OPTION DATA (OCLC)
-- hfp
-- hfp
942 ## - ADDED ENTRY ELEMENTS (KOHA)
Source of classification or shelving scheme Dewey Decimal Classification
Koha item type Libros
Existencias
Fecha de la última vez que lo usaron Número de ingreso o de inventario Pago total Signatura topográfica completa Precio efectivo desde Tipo de documento Estado perdido Sistema de clasificación Estado dañado No es para préstamo Retirado Ubicación permanente Ubicación actual Fecha de adquisición Fuente de adquisición
09/08/2023 16440   658.562/V18 09/08/2023 Libros   Dewey Decimal Classification       Biblioteca Central Lima Biblioteca Central Lima 03/08/2023 Comprado de la librería Cydma Tech